Statistics for Countries with the Salt Water Crocodile

Click here to take the quiz!

General Stats

  • This quiz has been taken 235 times
  • The average score is 15 of 18

Answer Stats

Population statusCountries% Correct
Established populationsAustralia
99%
Established populationsIndia
93%
Established populationsIndonesia
92%
Established populationsMalaysia
89%
Current presence unconfirmedThailand
88%
Current presence unconfirmedVietnam
87%
Established populationsPapua New Guinea
84%
Established populationsPhilippines
83%
Established populationsSri Lanka
82%
Current presence unconfirmedCambodia
81%
Established populationsMyanmar
81%
Established populationsBangladesh
80%
Current presence unconfirmedSingapore
75%
Established populationsBrunei
74%
Established populationsEast Timor
74%
Established populationsSolomon Islands
67%
Established populationsPalau
61%
Current presence unconfirmedVanuatu
60%

Score Distribution

Percentile by Number Answered

Percent of People with Each Score

Your Score History

You have not taken this quiz